Roces constitucionales del TLC CA-USA: todavía estamos a tiempo /

Сохранить в:
Библиографические подробности
Главный автор: Rodríguez Maridiaga, Oscar
Соавтор: Universidad De La Salle. Instituto de Investigación y Desarrollo
Другие авторы: Arias Ramírez, Bernal Hernández Cedeño, Oscar Jiménez Meza, Manrique
Формат: Текст
Опубликовано: San José: Universidad De La Salle
Предметы:
Метки: Добавить метку
Нет меток, Требуется 1-ая метка записи!

MARC

LEADER 00000 a a2200000 04500
001 29990
003
040
020 |a 9968-9517-0-6  
090 |a 194200  
100 |a Rodríguez Maridiaga, Oscar  
110 |a Universidad De La Salle. Instituto de Investigación y Desarrollo  
245 |a Roces constitucionales del TLC CA-USA: todavía estamos a tiempo /  |c Oscar Rodríguez Maridiaga 
260 |a San José:   |b Universidad De La Salle  
300 |a 167 p.  
650 |a TLC  
650 |a DERECHO CONSTITUCIONAL  
650 |a ESTADO  
650 |a SOBERANIA  
650 |a SERVICIOS PUBLICOS  
650 |a PROPIEDAD INTELECTUAL  
700 |a Arias Ramírez, Bernal   |a Hernández Cedeño, Oscar   |a Jiménez Meza, Manrique  
999 |c 15900  |d 15900